| 000 | 006530000a22001810004500 | ||
|---|---|---|---|
| 003 | MACL | ||
| 005 | 20160519165727.0 | ||
| 008 | 160519b xxu||||| |||| 00| 0 eng d | ||
| 040 |
_aMACL _cMACL |
||
| 041 | _aHindi | ||
| 082 | _a891.433 | ||
| 100 |
_aडॉ बाली, इन्दु _958311 |
||
| 245 |
_aशिव नेत्र तथा अन्य श्रेष्ठ कहानियां _cडॉ इन्दु बाली |
||
| 260 |
_aदिल्ली _bइंडिया डिजीटल पब्लिशर्स _c2011 |
||
| 350 | _a400 | ||
| 650 |
_aStories _958312 |
||
| 942 |
_cHIN _k891.433/BAL/S _2ddc |
||
| 999 |
_c46722 _d46722 |
||